Object-oriented programming in C++ (Record no. 4273)

000 -LEADER
fixed length control field 00656 a2200193 4500
020 ## - INTERNATIONAL STANDARD BOOK NUMBER
International Standard Book Number 0130158852
040 ## - CATALOGING SOURCE
Original cataloging agency DLC
Language of cataloging DLC
082 00 - DEWEY DECIMAL CLASSIFICATION NUMBER
Classification number 005.133
100 1# - MAIN ENTRY--PERSONAL NAME
Personal name Johnsonbaugh, Richard,
245 10 - TITLE STATEMENT
Title Object-oriented programming in C++
Statement of responsibility, etc. Richard Johnsonbaugh, Martin Kalin.
250 ## - EDITION STATEMENT
Edition statement 2nd ed.
260 ## - PUBLICATION, DISTRIBUTION, ETC.
Place of publication, distribution, etc. Upper Saddle River, NJ :
Name of publisher, distributor, etc. Prentice Hall,
Date of publication, distribution, etc. c2000.
300 ## - PHYSICAL DESCRIPTION
Extent xviii, 615 p. :
Other physical details ill. ;
Dimensions 23 cm. +
-- 1 computer laser disc (4 3/4 in.)
650 #0 - SUBJECT ADDED ENTRY--TOPICAL TERM
Topical term or geographic name entry element Object-oriented programming (Computer science)
650 #0 - SUBJECT ADDED ENTRY--TOPICAL TERM
Topical term or geographic name entry element C++ (Computer program language)
650 #0 - SUBJECT ADDED ENTRY--TOPICAL TERM
Topical term or geographic name entry element C++ (Computer program language)
700 1# - ADDED ENTRY--PERSONAL NAME
Personal name Kalin, Martin.
942 ## - ADDED ENTRY ELEMENTS (KOHA)
Koha item type Book
Call number prefix 005.133 JOH
Source of classification or shelving scheme
Holdings
Withdrawn status Lost status Damaged status Not for loan Collection code Permanent Location Current Location Shelving location Date acquired Source of acquisition Cost, normal purchase price Total Checkouts Total Renewals Full call number Barcode Date last seen Date last checked out Price effective from Koha item type
          Central Library (CL) Central Library (CL) First Floor - Software Engineering/ Programming Language 02/28/2005 Academic Book Company 3904.03 4 2 005.133 JOH SEECS005308 04/14/2015 02/15/2015 01/05/2017 Book
© 2023 Central Library, National University of Sciences and Technology. All Rights Reserved.